Лазерная коммутация в интерференционных переключателях резонансных СВЧ-компрессоров; Известия вузов. Физика; Т. 53, № 10-2
| Parent link: | Известия вузов. Физика: научный журнал.— , 1957- Т. 53, № 10-2.— 2010.— [С. 218-220] |
|---|---|
| Altres autors: | , , , , |
| Sumari: | Заглавие с экрана Представлены результаты экспериментального исследования синхронизации работы двух СВЧ-компрессоров лазерным лучом. Показана возможность практически полной синхронизации и определены условия ее реализации. На исследованных компрессорах 10-сантиметрового диапазона длин волн получена суммарная мощность выходных сигналов около 220 МВт практически для 100% суммируемых сигналов Режим доступа: по договору с организацией-держателем ресурса |
| Idioma: | rus |
| Publicat: |
2010
|
| Matèries: | |
| Accés en línia: | http://elibrary.ru/item.asp?id=16451514 |
| Format: | Electrònic Capítol de llibre |
| KOHA link: | https://koha.lib.tpu.ru/cgi-bin/koha/opac-detail.pl?biblionumber=637263 |
MARC
| LEADER | 00000nla0a2200000 4500 | ||
|---|---|---|---|
| 001 | 637263 | ||
| 005 | 20250416125321.0 | ||
| 035 | |a (RuTPU)RU\TPU\network\1361 | ||
| 035 | |a RU\TPU\network\1360 | ||
| 090 | |a 637263 | ||
| 100 | |a 20140616d2010 k||y0rusy50 ca | ||
| 101 | 0 | |a rus | |
| 102 | |a RU | ||
| 135 | |a drcn ---uucaa | ||
| 181 | 0 | |a i | |
| 182 | 0 | |a b | |
| 200 | 1 | |a Лазерная коммутация в интерференционных переключателях резонансных СВЧ-компрессоров |f В. А. Августинович [и др.] | |
| 203 | |a Текст |c электронный | ||
| 300 | |a Заглавие с экрана | ||
| 320 | |a [Библиогр.: (7 назв.)] | ||
| 330 | |a Представлены результаты экспериментального исследования синхронизации работы двух СВЧ-компрессоров лазерным лучом. Показана возможность практически полной синхронизации и определены условия ее реализации. На исследованных компрессорах 10-сантиметрового диапазона длин волн получена суммарная мощность выходных сигналов около 220 МВт практически для 100% суммируемых сигналов | ||
| 333 | |a Режим доступа: по договору с организацией-держателем ресурса | ||
| 461 | |t Известия вузов. Физика |o научный журнал |d 1957- | ||
| 463 | |t Т. 53, № 10-2 |v [С. 218-220] |d 2010 | ||
| 610 | 1 | |a электронный ресурс | |
| 610 | 1 | |a труды учёных ТПУ | |
| 610 | 1 | |a СВЧ компрессоры | |
| 610 | 1 | |a коммутации | |
| 610 | 1 | |a модули | |
| 610 | 1 | |a интерференционные переключатели | |
| 701 | 1 | |a Августинович |b В. А. |c радиофизик |c ведущий инженер Томского политехнического университета |f 1941- |g Владимир Андреевич |3 (RuTPU)RU\TPU\pers\26482 |9 12184 | |
| 701 | 1 | |a Артеев |b М. С. |c радиофизик |c ведущий инженер Томского политехнического университета |f 1950- |g Михаил Сидорович |3 (RuTPU)RU\TPU\pers\32420 |9 16369 | |
| 701 | 1 | |a Артеменко |b С. Н. |c физик |c ведущий научный сотрудник Томского политехнического университета, доктор физико-математических наук |f 1951- |g Сергей Николаевич |3 (RuTPU)RU\TPU\pers\25663 |9 11574 | |
| 701 | 1 | |a Новиков |b С. А. |c специалист в области электротехники |c профессор Томского политехнического университета, доктор физико-математических наук |f 1949- |g Сергей Автономович |3 (RuTPU)RU\TPU\pers\25683 |9 11594 | |
| 701 | 1 | |a Юшков |b Ю. Г. |c электрофизик |c профессор Томского политехнического университета, доктор технических наук |f 1937- |g Юрий Георгиевич |3 (RuTPU)RU\TPU\pers\22023 |9 9320 | |
| 801 | 2 | |a RU |b 63413507 |c 20160202 |g RCR | |
| 850 | |a 63413507 | ||
| 856 | 4 | |u http://elibrary.ru/item.asp?id=16451514 | |
| 942 | |c CF | ||